| 000 | 00694nam a22002057a 4500 | ||
|---|---|---|---|
| 005 | 20140508122249.0 | ||
| 010 | _aENG-109692 | ||
| 020 |
_a9781259058578 _c375.00 |
||
| 020 |
_a1259058573 _c375.00 |
||
| 035 | _aEN-93225 | ||
| 037 | _bDBAD/PUB | ||
| 082 | _a332.67 | ||
| 100 | _aMeenakshi Sundaram, V. R. | ||
| 245 | 0 | 0 |
_aHow to invest without losing sleep? : _cby V. R. Meenakshi Sundaram _btime tested secrets to stress-free investing / |
| 260 |
_aNew Delhi _bMcgraw Hill Education _c2014 |
||
| 270 |
_aP-24, Green Park Extension _bNew Delhi _e110016 |
||
| 300 |
_axix,229. _c24cm(pbk) |
||
| 500 | _aIncludes bibloghaphical references | ||
| 942 |
_2ddc _cEN _mMEE _h332.67 |
||
| 999 |
_c83404 _d83404 |
||